000 01183cab a2200217 4500
001 ##L135408
008 061024n2006 000 0 eng u
035 _a(Sirsi) u135408
041 0 _aeng
100 1 _aMcCormack, Steve
245 0 2 _aA watery grave?
260 _c2006
490 0 _aContract Journal
_v435(6597) 18 October 2006, 40(1)
520 _aExamines a new licensing regime being introduced in response to changes under the Water Resources Act 1991 (as amended by the Water Act 2003) and highlights its implications for contractors undertaking onsite dewatering. New Environment Agency powers to issue enforcement notices could lead to an immediate stop to water abstraction if the operation risks significant environmental damage. Outlines the three classes of licences to differentiate between the different types of abstraction and explains application requirements for these licences. Includes a case study of a recent road scheme in Scotland.
590 _aIKA311006
650 2 4 _aWATER ACT 2003
650 2 4 _aWATER RESOURCES ACT 1991
651 4 _aUnited Kingdom
_y
690 _aENVIRONMENTAL AND LAND CONSULTANCY-WATER RESOURCE MANAGEMENT
942 _n0
999 _c77890
_d77890